Football: Matchs d'Ouverture des Championnats d'Europe - Statistiques

Statistiques générales
  • Ce quiz a été pris 98 fois
  • Le résultat moyen est 20 sur 22
Statistiques - réponses
Réponse % Correct
Allemagne
99%
France
99%
RFA
99%
Portugal
98%
Espagne
95%
Grèce
94%
Italie
94%
Ecosse
92%
Pologne
92%
Suède
92%
Angleterre
91%
Roumanie
91%
Pays-Bas
90%
Suisse
90%
Belgique
89%
Danemark
85%
Hongrie
85%
Turquie
84%
URSS
82%
Yougoslavie
80%
République Tchèque
77%
Tchécoslovaquie
68%
Aucun quiz correspondant
Distribution des résultats
% des personnes avec chaque résultat
Percentile par nombre de réponses
Votre historique - résultats
Vous n’avez pas pris ce quiz